00638pam a2200217 a 45000010008000000030004000080050017000120080041000290100017000700200015000870400018001020500026001200820016001461000024001622450064001862500012002502600049002623000034003115040053003456500022003983560238OSt20210614140445.0980526s1999 njua b 001 0 eng  a 98019446  a0138755434 aDLCcDLCdDLC00aBF637b.C6 G5334 199900a158/.352211 aGladding, Samuel T.10aGroup work :ba counseling specialty /cSamuel T. Gladding. a3rd ed. aUpper Saddle River, N.J. :bMerrill,cc1999. axix, 524 p. :bill. ;c25 cm. aIncludes bibliographical references and indexes. 0aGroup counseling.